Statistiques concernant Pays de la Yougoslavie

Cliquez ici pour prendre le quiz!

Statistiques générales

  • Ce quiz a été pris 31 603 fois
    (26 537 depuis la dernière actualisation)
  • Le résultat moyen est 6 sur 7

Statistiques - réponses

Pays% Correct
Croatie
96%
Serbie
96%
Bosnie-Herzégovine
92%
Kosovo
90%
Monténégro
90%
Slovénie
90%
Macédoine du Nord
88%

Distribution des résultats

Percentile par nombre de réponses

% des personnes avec chaque résultat

Votre développement - résultats

Vous n’avez pas pris ce quiz depuis la dernière actualisation